Industrial electronics (Record no. 7902)

000 -LEADER
fixed length control field 00451nam a22001817a 4500
001 - CONTROL NUMBER
control field 7902
003 - CONTROL NUMBER IDENTIFIER
control field BD-DhUET
008 - FIXED-LENGTH DATA ELEMENTS--GENERAL INFORMATION
fixed length control field 141214b xxu||||| |||| 00| 0 eng d
040 ## - CATALOGING SOURCE
Transcribing agency DLC
Modifying agency BD-DhUET
Original cataloging agency DLC
082 ## - DEWEY DECIMAL CLASSIFICATION NUMBER
Classification number 623.81
Item number MOR/1970
100 ## - MAIN ENTRY--PERSONAL NAME
Personal name Morris, Noel
245 ## - TITLE STATEMENT
Title Industrial electronics
250 ## - EDITION STATEMENT
Edition statement 2nd ed.
260 ## - PUBLICATION, DISTRIBUTION, ETC. (IMPRINT)
Place of publication, distribution, etc. New Delhi
Name of publisher, distributor, etc. Tata McGraw-Hill Publishing
Date of publication, distribution, etc. 1978
300 ## - PHYSICAL DESCRIPTION
Extent xii, 305p.
650 #0 - SUBJECT ADDED ENTRY--TOPICAL TERM
Topical term or geographic name as entry element Industrial electronics
942 ## - ADDED ENTRY ELEMENTS (KOHA)
Koha item type General Book
Holdings
Piece designation (barcode) Source of classification or shelving scheme Koha item type Location (home branch) Not for loan Price effective from Shelving location Sublocation or collection (holding branch) Copy number Koha date last seen Koha full call number Lost status Date acquired Withdrawn status Koha normalized classification for sorting Damaged status
69501 General BookCentral Library, BUET 2014-12-14Circulation sectionCentral Library, BUET12014-12-14623.81/MOR/1970 2014-12-14 623_810000000000000_MOR_1970 
69500 General BookCentral Library, BUET 2015-05-03Circulation sectionCentral Library, BUET22015-05-03623.81/MOR/1970 2015-05-03 623_810000000000000_MOR_1970